| 000 | 00871nam a22002295a 4500 | ||
|---|---|---|---|
| 003 | OSt | ||
| 005 | 20170207120153.0 | ||
| 008 | 170207s2010 xx frb 000 0 eng d | ||
| 015 | _a2007 / 21459 | ||
| 040 |
_aEG-ScBUE _bara _cEG-ScBUE _dEG-ScBUE |
||
| 043 | _af-ua--- | ||
| 082 | 0 | 4 |
_a344.6201891 _bهـ ي ك _222 |
| 100 | 1 | _aهيكل، حسيني. | |
| 245 | 1 | 0 |
_aشرح أحكام قانون العمل وفقا لقانون العمل رقم 12 لسنة 2003 م / _cحسيني هيكل. |
| 260 |
_a[د. م. : _bد. ن.]، _c2010. |
||
| 300 |
_a1 مج. ؛ _c24 سم. |
||
| 504 | _aيشتمل على إرجاعات ببليوجرافية. | ||
| 650 | 0 |
_aعقود العمل _xقوانين وتشريعات _zمصر. _2BUEsh |
|
| 650 | 7 |
_aالعمل والعمال _910938 _xقوانين وتشريعات _zمصر. _2BUEsh |
|
| 653 |
_bLLAAWW _cFebruary2017 |
||
| 942 | _2ddc | ||
| 999 |
_c24078 _d24050 |
||